Foundations of Management (Record no. 61)

MARC details
000 -LEADER
fixed length control field 00307nam a2200133Ia 4500
008 - FIXED-LENGTH DATA ELEMENTS--GENERAL INFORMATION
fixed length control field 191201s2009 xx 000 0 und d
082 ## - DEWEY DECIMAL CLASSIFICATION NUMBER
Classification number 658
Item number PAF
100 ## - MAIN ENTRY--PERSONAL NAME
Personal name PAL, Karam
245 #0 - TITLE STATEMENT
Title Foundations of Management
260 ## - PUBLICATION, DISTRIBUTION, ETC. (IMPRINT)
Place of publication, distribution, etc N.Delhi
Name of publisher, distributor, etc Vayu Edu. India
Date of publication, distribution, etc 2009
300 ## - PHYSICAL DESCRIPTION
Extent 309
650 ## - SUBJECT ADDED ENTRY--TOPICAL TERM
Topical term or geographic name as entry element MBA
942 ## - ADDED ENTRY ELEMENTS (KOHA)
Source of classification or shelving scheme Dewey Decimal Classification
Koha item type Text Books
Holdings
Withdrawn status Lost status Source of classification or shelving scheme Damaged status Not for loan Collection code Home library Current library Date acquired Source of acquisition Bill Number Total Checkouts Full call number Acc. no. / Barcode Date last seen Bill Date Koha item type Public note Cost, normal purchase price
    Dewey Decimal Classification     MBA PIET C-LIBRARY PIET C-LIBRARY 24/02/2014 Donated by Parul Gupta MBA Donated by Parul Gupta MBA   658 PAF 23011 04/12/2019 21/02/2014 Text Books Donated by Parul Gupta MBA  
    Dewey Decimal Classification     MBA PIET C-LIBRARY PIET C-LIBRARY 20/08/2009 J B C, New Delhi SI-1821   658 PAF 13447 04/12/2019 29/07/2009 Text Books   225.00
    Dewey Decimal Classification     MBA PIET C-LIBRARY PIET C-LIBRARY 20/08/2009 J B C, New Delhi SI-1821   658 PAF 13448 04/12/2019 29/07/2009 Text Books   225.00

Design & Developed by: PIET Central Library
R70 Miles Stone Pattikalyana Samalkha Panipat 132102
mail ID :- [email protected], Phone No:- 0180-2569700 Ex.216